01316nam a22002657a 4500999001700000003000900017008004100026020001800067040007100085082001900156245017500175260009300350300002900443440003700472500004200509505016500551650003300716650002900749650003100778700005500809700005300864942001600917945001000933952010700943 c21934d21934AR-CdUCM190504b ||||| |||| 00| 0 spa d a9786124464072 aMUNICIPALIDAD PROVINCIAL DEL CUSCOcBIBLIOTECA MUNICIPAL DEL CUSCO a343.1/R10bR10 aReflexiones constitucionales sobre el bicentenario :bsignificado, importancia y retos en la forja del Estado Constitucional peruano /cErnesto Blume Fortini, Coordinador aLima :bTribunal Constitucional del Perú,bCentro de Estudios Constitucionales,c2021. a674 páginas. :c24 cm. aColección Publicaciones946912 zIncluye referencias bibliográficas. aContenido: Anotaciones sobre el control difuso a propósito del Bicentenario de la República. -- El reto pendiente de una Constitución peruana viviente ... aDerecho constitucional94734 aCiencia jurídica95037 aCiencia políticas946913 aLedesma Narváez, Marianellaecoordinadora946910 aRamos Núñez, Carlos Augustoedirector946911 2ddccLIBROS ar.a.c 002ddc4070aSHbSHcCARTd2022-01-06eDonacióng20.00o343.1/R10pSH0000016176r2022-01-06yLIBROS